Sistemas informáticos en la empresa USSI Internacional

Guardat en:
Dades bibliogràfiques
Autor principal: Sáenz, Alfredo
Altres autors: Vargas, Esteban
Format: Llibre
Publicat: San José, C.R. 2001
Matèries:
Etiquetes: Afegir etiqueta
Sense etiquetes, Sigues el primer a etiquetar aquest registre!

MARC

LEADER 00000nam a2200000Ia 4500
003 008806
005 20221231144200.0
008 140114s2001 cr a m 000 ||s d
040 |c cru CEDI 
090 |a TFG 4365 
100 |a Sáenz, Alfredo   |9 7669 
245 |a Sistemas informáticos en la empresa USSI Internacional  
260 |c 2001  |a  San José, C.R. 
300 |a  viii, 156, [46] hojas : ilustraciones  
500 |a  Proyecto de graduación (licenciatura en ingeniería industrial)--Universidad de Costa Rica. Facultad de Ingeniería. Escuela de Ingeniería Industrial 
650 |x SISTEMAS DE INFORMACION   |x ADMINISTRACION   |x ADMINISTRACION DE PROYECTOS   |x EVALUACION DE PROYECTOS   |x RIESGO (ECONOMIA)  |9 7671 
700 |9 7670  |a Vargas, Esteban 
942 |c TFG 
999 |c 18073  |d 18073